Responses for Show #1622 - Tuesday, September 24, 1991

Contestants

[<< previous game]

John Wolley, a software engineer from Littleton, Colorado

Larry Sein, Jr., a computer consultant originally from Philadelphia, Pennsylvania

Seth Davis, an environmental lawyer from Croton-on-Hudson, New York (whose 2-day cash winnings total $26,200)

[next game >>]

Jeopardy! Round responses

CLASSICAL MUSIC
FOLKLORE
FILMS OF THE '40s
ITALY
TRANSPORTATION
WILDE
    $100 10
Vienna

Seth
    $100 3
storks

John
    $100 8
(John: Who was Bob Hope?)

Bing Crosby

SethJohn
    $100 17
Sicily

John
    $100 23
cable cars

Seth
    $100 1
Columbus

Larry
    $200 14
the Mormon Tabernacle Choir

Seth
    $200 4
putting your wedding ring on that finger

Seth
    $200 9
dictator

John
    $200 19
black

Seth
    $200 24
fire engines (or fire trucks)

John
    $200 2
not being talked about

John
    $300 15
(Seth: What is Images?)

La mer

Seth
Triple Stumper
    $300 5
ride on broomsticks

Larry
    $300 11
Greta Garbo

Larry
    $300 20
the European Community

John
    $300 28
whalers

John
    $300 25
her age

John
    $800 16
Wolfgang Amadeus Mozart

Seth
    $400 6
Paul Bunyan

Seth
    $400 12
John Ford

Seth
    $400 21
Leonardo da Vinci

Seth
    $400 29
horseless carriages

John
    $400 26
temptation

John
    $500 18
Fidelio

Seth
    $500 7
bashfulness

Triple Stumper
    $500 13
Ma & Pa Kettle

Larry
    $500 22
the Po

Larry
    $500 30
(Chuck) Yeager

Seth
    $500 27
(John: What are his friends?)

his enemies

LarryJohn

Scores at the first commercial break (after clue 16):

Seth Larry John
$1,900 $1,200 $400

Scores at the end of the Jeopardy! Round:

Seth Larry John
$3,600 $2,200 $1,900

Double Jeopardy! Round responses

AMERICAN POETRY
WORLD WAR II
PARKS
DESIGN
MYTHOLOGY
NATIONAL COATS OF ARMS
    $200 22
the gladiator

Seth
    $200 1
the Arizona

Larry
    $200 17
Central Park

Seth
    $200 16
an angel

John
    $200 6
Gemini

John
    $200 11
Spain

John
    $400 23
ice

John
    $400 2
Rommel

John
    $400 18
(John: Who is Wild Bill Hickok?)

Buffalo Bill Cody

SethJohn
    $400 27
Paul Revere

John
    $400 7
Bacchus

John
    $400 12
Panama

John
    $600 24
success

John
    $1,000 3
(Alex: John?)
(John: Who is Cohen?)
(Alex: Oh, no. Who is [*]? "This Is The Army, Mr. Jones". Cost you a thousand, select again.)

Irving Berlin

John
    $600 19
New Jersey

Seth
    $600 28
(John: What is Saks?)

Tiffany's

SethJohn
    $600 8
the Gorgons

John
    $600 13
New Zealand

John
    $800 25
Ralph Waldo Emerson

Triple Stumper
    $800 4
the Battle of the Bulge

Seth
    $800 20
Grand Teton

John
    $800 29
Beatrix Potter

Triple Stumper
    $800 9
Aphrodite

John
    $800 14
Cuba

Triple Stumper
    $1000 26
Ogden Nash

John
    $1000 5
Intrepid

John
    $1,400 21
Banff (National Park)

John
    $1000 30
a pineapple

John
    $1000 10
Circe

John
    $1000 15
Saladin

Larry

Scores at the end of the Double Jeopardy! Round:

Seth Larry John
$6,400 $3,400 $11,300

[wagering suggestions for these scores]

Final Jeopardy! Round responses

THE PULITZER PRIZE
LarryWho is Clancy?
$3,001
SethWho was is John Updike?
$6,400
JohnWho is Tom Clancy?
$701
John Updike

Final scores:

Seth Larry John
$12,800 $399 $10,599
3-day champion: $39,000 + Jeopardy! home game or Jeopardy! Challenger 3rd place: Panasonic deluxe business package + Jeopardy! home game or Jeopardy! Challenger 2nd place: Basset's Old World bedroom set and a bedding ensemble + Jeopardy! home game or Jeopardy! Challenger

Game dynamics:

Coryat scores:

Seth Larry John
$6,000 $3,400 $11,900
18 R
(including 1 DD),
1 W
8 R,
0 W
28 R
(including 1 DD),
5 W
(including 1 DD)

Combined Coryat: $21,300

[game clues] [game scores] [suggest correction]

Game tape date: 1991-08-13
The J! Archive is created by fans, for fans. Scraping, republication, monetization, and malicious use prohibited; this site may use cookies and collect identifying information. See terms. The Jeopardy! game show and all elements thereof, including but not limited to copyright and trademark thereto, are the property of Jeopardy Productions, Inc. and are protected under law. This website is not affiliated with, sponsored by, or operated by Jeopardy Productions, Inc. Join the discussion at JBoard.tv.